Statistiken für Südlichste Länder der Welt Quiz

Klicken Sie hier um das Quiz zu spielen!

Allgemein

  • Dieses Quiz wurde 5.364 mal gespielt
  • Das Durchschnittsergebnis liegt bei 16 aus 20

Antwortstatistiken

° SüdLand% Korrekt
56°30'Chile
99%
54°47'Australien
99%
46°59'Südafrika
99%
52°37'Neuseeland
98%
55°04'Argentinien
98%
35°02'Uruguay
88%
28°58'Namibia
86%
33°45'Brasilien
85%
30°40'Lesotho
83%
27°36'Paraguay
83%
25°37'Madagaskar
80%
27°19'Eswatini
80%
26°54'Botswana
77%
26°52'Mosambik
74%
22°54'Bolivien
73%
22°25'Simbabwe
70%
21°02'Fidschi
69%
22°21'Tonga
59%
20°15'Vanuatu
58%
20°32'Mauritius
52%

Verteilung der Resultate

Perzentil nach korrekt beantworteten Fragen

Anzahl Personen mit jedem Resultat

Ihre Resultats-Entwicklung

Sie haben dieses Quiz noch nicht gespielt